Strzelcy bramek w 5 kolejce Bundesligi w sezonie 2020/21. - Statystyki

Ogólne statystyki
  • Ten quiz został rozwiązany 12 razy
  • Średni wynik to 7 z 29
Statystyki odpowiedzi
Mecz Piłkarz % Poprawnych
Bayern - Frankfurt 1:0 Lewandowski
100%
Bayern - Frankfurt 2:0 Lewandowski
100%
Bayern - Frankfurt 3:0 Lewandowski
100%
Dortmund - Schalke 2:0 Haaland
58%
Bayern - Frankfurt 4:0 Sane
58%
Dortmund - Schalke 3:0 Hummels
42%
RB Lipsk - Hertha 0:1 Cordoba
33%
Leverkusen - Augsburg 3:1 Diaby
25%
Bayern - Frankfurt 5:0 Musiala
25%
RB Lipsk - Hertha 2:1 Sabitzer
25%
Dortmund - Schalke 1:0 Akanji
17%
Leverkusen - Augsburg 1:0 Alario
17%
Leverkusen - Augsburg 2:1 Alario
17%
Wolfsburg - Bielefeld 1:0 Weghorst
17%
Leverkusen - Augsburg 1:1 Caligiuri
8%
Werder Brema - Hoffenheim 1:0 Eggestein
8%
Mainz - Monchengladbach 2:2 Hofmann
8%
Mainz - Monchengladbach 1:1 Mateta
8%
Mainz - Monchengladbach 2:1 Mateta
8%
Mainz - Monchengladbach 0:1 Stindl
8%
RB Lipsk - Hertha 1:1 Upamecano
8%
Stuttgart - Koln 1:1 Andersson
0%
Union Berlin - Freiburg 1:1 Andrich
0%
Wolfsburg - Bielefeld 2:0 Arnold
0%
Werder Brema - Hoffenheim 1:1 Geiger
0%
Mainz - Monchengladbach 2:3 Ginter
0%
Union Berlin - Freiburg 0:1 Grifo
0%
Stuttgart - Koln 1:0 Mangala
0%
Wolfsburg - Bielefeld 2:1 Schipplock
0%
Nie znaleziono quizów pasujących do podanych kryteriów
Rozkład punktacji
Procent ludzi z każdym wynikiem
Percentyl według liczby udzielonych odpowiedzi
Twoja historia wyników
Nie rozwiązałeś tego quizu